000 00495nam a22001937a 4500
003 MPLRDC
005 20220104143454.0
008 210129b ||||| |||| 00| 0 eng d
020 _a986-6531-12-5
082 _a191.9 MLS
100 _a密勒士
245 _a我们总是忘了, 知足才会常乐
_c
250 _a初版一刷
260 _a台湾
_b晶冠出版有限公司
_c2009
300 _b206
490 _aSENSE. 18
650 _a人生哲学、修身
942 _cBK
_o191.9 MLS
999 _c40228
_d40218